| 000 | 00377cam a2200157ua 4500 | ||
|---|---|---|---|
| 003 | OSt | ||
| 005 | 20260213113754.0 | ||
| 008 | 260213b |||||||| |||| 00| 0 eng d | ||
| 041 | _aeng | ||
| 082 |
_a028.73423 _bMAC/WE |
||
| 245 | _aWebster`s new world dictionary / | ||
| 250 | _a1 / | ||
| 260 |
_aLondon : _bMcMillon & Co Ltd , _c1962. |
||
| 300 | _a1702 ; . | ||
| 942 | _cBK | ||
| 999 |
_c10214 _d10214 |
||